000 00547nam a2200169Ia 4500
008 090711s9999 xx 000 0 und d
082 _b36531
100 _aटोळ दत्ता श्री.
245 _aजय बांगला जय जवान
260 _c1976
300 _a69
600 _aटोळ दत्ता श्री.
630 _aजय बांगला जय जवान
700 _aटोळ दत्ता श्री.
730 _aजय बांगला जय जवान
942 _cBOOK
999 _c323357
_d323357